000 00578nam a2200193 i 4500
001 113245
003 ES-MaACL
005 20251015063114.0
007 t|
008 061121s1968 sp a |||| | spa d
100 1 _aNimzowitsch, Arón,
_d1886-1935
_9165011
245 1 3 _aLa práctica de mi sistema /
_cAaron Nimzowitch ; versión y revisión Julio Ganzo.
260 _aMadrid :
_bAguilera,
_c1968.
300 _a207 p. :
_bil. ;
_c21 cm.
650 0 4 _aAjedrez.
_99707
700 1 _aGanzo, Julio.
_953894
852 _aES-MaACL
_jC-48347
999 _c113245
_d113245